Lịch sử kinh tế Việt Nam

Uloženo v:
Podrobná bibliografie
Hlavní autor: Phạm, Văn Chiến
Médium: Kniha
Jazyk:Undetermined
Vydáno: Hà Nội Đại Học Quốc Gia Hà Nội 2003
Tagy: Přidat tag
Žádné tagy, Buďte první, kdo otaguje tento záznam!
Thư viện lưu trữ: Trung tâm Học liệu Trường Đại học Cần Thơ
LEADER 00515nam a2200181Ia 4500
001 CTU_74035
008 210402s9999 xx 000 0 und d
020 |b 25600 
082 |a 330.09 
082 |b Ch305 
100 |a Phạm, Văn Chiến 
245 0 |a Lịch sử kinh tế Việt Nam 
245 0 |c Phạm Văn Chiến 
260 |a Hà Nội 
260 |b Đại Học Quốc Gia Hà Nội 
260 |c 2003 
904 |i Mai Loan 
980 |a Trung tâm Học liệu Trường Đại học Cần Thơ